000 01298nam1a22002771i 4500
001 v19\rc\1759070
005 20260407004826.0
035 _a(NLR Aleph) 004860229
090 _a5003808
_c5003808
100 _a20061204d19031904|||y0rusy50 ca
101 0 _arus
102 _aRU
105 _ay z |||||
200 1 _aЖурналы агрономических совещаний при Саратовской губернской земской управе
_eВып. [1]
_fЭкон. отд-ние Саратовской губ. земской управы
210 _aСаратов
_d1903-1904
215 _d23-24
300 _aЗагл. вып. 1: Журналы агрономического совещания Саратовского губернского земства
517 0 _aЖурналы агрономического совещания Саратовского губернского земства
712 0 2 _aСаратовская губ. земская управа
_bЭкономическое отделение
_3RU\NLR\AUTH\889995753
_9488506
801 0 _aRU
_bNLR
_gpsbo
801 0 _aRU
_bRuMoRGB
_2psbo
801 1 _aRU
_bProSoft-M
_2rusmarc
852 _aNLR
_bЗем
_j36/44
899 _aRuMoRGB (1-2)
_jS 13/438
899 _aRuMoRGB (1-2)
_jS 58/343
942 _cBOOK